Cuidado que hay trampa : cuentos del mundo sobre trampas y tramposos /

Guardado en:
Autor Principal: Shua, Ana María
Formato: Libro
Publicado: Buenos Aires : Sudamericana, 2013
Materias:
Etiquetas: Agregar Etiqueta
Sin Etiquetas, Sea el primero en etiquetar este registro!
LEADER 01355nam a22002415a 4500
001 CEM.cems014226
005 20140328113149.0
008 130507s2013##################000#0#####d
003 CEMS
020 |a 9789500742016 
082 0 4 |a A868.4 
100 1 |a Shua, Ana María 
245 1 0 |a Cuidado que hay trampa :  |b cuentos del mundo sobre trampas y tramposos /  |c Ana María Shua 
260 |a Buenos Aires :  |b Sudamericana,  |c 2013 
300 |a 96 p. 
505 0 |a Nasrudin y el forzudo (cuento del Cercano Oriente) -- La deuda de la tortuga (cuento de Camerún) -- Médico y maestro (cuento alemán) -- La mejor mentira (cuento judío) -- Pedro Urdemales lo sabe todo (cuento de América latina) -- La liebre, la nutria, el mono y el tejón (cuento japonés) -- John, el esclavo (cuento estadounidense) -- Cultivando oro (cuento árabe) -- Los guerreros más valientes (cuento sioux) -- Colgado o fusilado (cuento árabe) -- El lobo y el zorro (cuento francés) -- El huevo de yegua (cuento argentino) -- Emú pierde sus alas (cuento australiano) -- El contrabando misterioso (cuento persa) 
653 |a Literatura 
653 |a Literatura argentina 
653 |a Cuentos 
653 |a Cuentos juveniles 
653 |a Cuentos argentinos 
653 |a Ministerio de educación-colección literaria 
859 |a CEMS  |b BIB. CEMS - 11 de abril  |h A868.4  |i Sh91  |p 26834.14  |t Ej.1